Chỉ dẫn áp dụng các văn bản pháp luật về sở hữu trí tuệ : Hệ thống hóa các văn bản pháp luật Việt Nam về sở hữu trí tuệ và chỉ dẫn áp dụng các văn bản pháp luật sở hữu trí tuệ

Giới thiệu toàn văn Luật Sở hữu trí tuệ với những qui định chung và qui định cụ thể về quyền tác giả và quyền liên quan, quyền sở hữu công nghiệp, quyền đối với giống cây trồng, bảo vệ quyền sở hữu trí tuệ, xử lí vi phạm và các...

Πλήρης περιγραφή

Αποθηκεύτηκε σε:
Λεπτομέρειες βιβλιογραφικής εγγραφής
Κύριος συγγραφέας: Lê, Thị Nam Giang
Άλλοι συγγραφείς: Nguyễn, Thị Hạnh Lê
Μορφή: Βιβλίο
Γλώσσα:Undetermined
Έκδοση: Tp. Hồ Chí Minh Đại học Quốc gia Tp. Hồ Chí Minh 2016
Θέματα:
Διαθέσιμο Online:http://lrc.tdmu.edu.vn/opac/search/detail.asp?aID=2&ID=28452
Ετικέτες: Προσθήκη ετικέτας
Δεν υπάρχουν, Καταχωρήστε ετικέτα πρώτοι!
Thư viện lưu trữ: Trung tâm Học liệu Trường Đại học Thủ Dầu Một
LEADER 01698nam a2200229Ia 4500
001 TDMU_28452
008 210410s9999 xx 000 0 und d
082 |a 398.0959758 
090 |b L250 
100 |a Lê, Thị Nam Giang 
245 0 |a Chỉ dẫn áp dụng các văn bản pháp luật về sở hữu trí tuệ : 
245 0 |b Hệ thống hóa các văn bản pháp luật Việt Nam về sở hữu trí tuệ và chỉ dẫn áp dụng các văn bản pháp luật sở hữu trí tuệ 
245 0 |c Lê Thị Nam Giang (ch.b.), Nguyễn Thị Hạnh Lê, Võ Đăng Phương Thảo, Huỳnh Thanh Thịnh 
260 |a Tp. Hồ Chí Minh 
260 |b Đại học Quốc gia Tp. Hồ Chí Minh 
260 |c 2016 
300 |a 694tr. 
520 |a Giới thiệu toàn văn Luật Sở hữu trí tuệ với những qui định chung và qui định cụ thể về quyền tác giả và quyền liên quan, quyền sở hữu công nghiệp, quyền đối với giống cây trồng, bảo vệ quyền sở hữu trí tuệ, xử lí vi phạm và các điều khoản thi hành cùng các Nghị định, Thông tư quy định chi tiết và hướng dẫn thi hành Luật này 
650 |a Pháp luật  |x Sở hữu trí tuệ  |z Việt Nam; Văn bản pháp luật  |x Sở hữu trí tuệ  |z Việt Nam 
700 |a Nguyễn, Thị Hạnh Lê 
856 |u http://lrc.tdmu.edu.vn/opac/search/detail.asp?aID=2&ID=28452 
980 |a Trung tâm Học liệu Trường Đại học Thủ Dầu Một